| 000 | 01336cam a2200325 a 4500 | ||
|---|---|---|---|
| 001 | 1146 | ||
| 005 | 20230825143934.0 | ||
| 008 | 871119s1993 wiua j 000 1 eng | ||
| 020 | _a033500713002 | ||
| 040 |
_aDLC _cDLC _dDLC _beng |
||
| 050 | 0 | 0 |
_aPZ7.C8466 _bScd 1993 |
| 082 | 0 | 0 |
_aFic _220 |
| 100 | 1 |
_aCrampton, Gertrude, _d1909-1996. |
|
| 245 | 1 | 0 |
_aScuffy the tugboat : _bbased on the original story by Gertrude Crampton / _cillustrated by Gordon T. Olson. |
| 260 |
_aRacine, Wis. : _bWestern Publishing Company, Inc., _c1955. |
||
| 300 |
_a23 unnumbered pages: _bcolors illustrations. ; _c21 cm |
||
| 490 | 0 | _aA little golden book | |
| 500 | _a"A Golden book, New York." | ||
| 505 | _aF | ||
| 520 | _aMeant for “bigger things,” Scuffy the Tugboat sets off to explore the world. But on his daring adventure Scuffy realizes that home is where he’d rather be, sailing in his bathtub. For over 50 years, parents and children have cherished this classic Little Golden Book. | ||
| 521 | 1 |
_a310
_bLexile |
|
| 521 | 1 |
_aF
_bRaz-Plus |
|
| 650 | 0 |
_aSound effects books _vSpecimens. |
|
| 650 | 1 |
_aTugboats _vFiction. |
|
| 650 | 1 | _aSound effects books. | |
| 650 | 1 | _aToy and movable books. | |
| 700 | 1 |
_aOlson, Gordon T _eillustrator |
|
| 906 |
_a7 _bcbc _corignew _d2 _eopcn _f19 _gy-gencatlg |
||
| 942 |
_2ddc _cBK _n0 |
||
| 999 |
_c1146 _d1146 |
||